000
00453nam a2200145Ia 4500
008
100122s9999 xx 000 0 und d
082
_b
17184
_a
Nill
100
_a
घारे रा अ
245
_a
100 विनोदी चित्रे
260
_b
उद्यम प्रकाशन
_c
1960
300
_a
100
630
_a
100 विनोदी चित्रे
730
_a
100 विनोदी चित्रे
942
_c
BOOK
999
_c
406984
_d
406981